| 000 | 00761nam a2200229Ia 4500 | ||
|---|---|---|---|
| 003 | GCL | ||
| 008 | 140319s9999 xx 000 0 ara d | ||
| 040 |
_aGCL / _cGCL |
||
| 082 | 0 | 4 |
_a811.008 _bا ب |
| 100 | 1 | _aمحمود محمد شاكر | |
| 245 | 1 | 0 |
_aطبقات فحول الشعراء / _cمحمود محمد شاكر |
| 700 | 1 | _aالجمحى , ابوعبدالله محمد بن سل | |
| 260 |
_a[S.N] : _bمطبعة المدنى ، _c1974 |
||
| 300 | _a995 ص | ||
| 490 | _a | ||
| 650 | 0 | 4 | _aالشعر العربى |
| 650 | 0 | 4 | _aدواوين وقصائد |
| 650 | 0 | 4 | _aتاريخ ونقد |
| 650 | 0 | 4 | _aالشعر العربى - العصر العباسى الاول |
| 650 | 0 | 4 | _aالادب العربى - مجموعات |
| 942 |
_2ddc _cBK |
||
| 999 |
_c37316 _d37316 |
||